Las Crisis financieras del futuro /
¿Se asemejarán las futuras crisis a las de los años noventa o a las de la década de 1890? ¿marcó la crisis argentina de 2001 una vuelta a las crisis autónomas sin efecto contagio? Los autores sostienen que es díficil predecir la naturaleza de las crisis financieras del siglo XXI, pero seguramente co...
Gardado en:
| Autor Principal: | |
|---|---|
| Outros autores: | |
| Formato: | Texto |
| Materias: | |
| Etiquetas: |
Engadir etiqueta
Sen Etiquetas, Sexa o primeiro en etiquetar este rexistro!
|
MARC
| LEADER | 00000 a a2200000 04500 | ||
|---|---|---|---|
| 001 | 8105 | ||
| 003 | |||
| 040 | |||
| 100 | |a Mauro, Paolo | ||
| 245 | |a Las Crisis financieras del futuro / |c Paolo Mauro ; Yishay Yafeh | ||
| 520 | |a ¿Se asemejarán las futuras crisis a las de los años noventa o a las de la década de 1890? ¿marcó la crisis argentina de 2001 una vuelta a las crisis autónomas sin efecto contagio? Los autores sostienen que es díficil predecir la naturaleza de las crisis financieras del siglo XXI, pero seguramente combinarán características de ambos períodos. Las crisis financieras anteriores a la primera guerra mundial normalmente fueron desencadenadas por hechos tales como guerras u otros episodios de violencia política. No obstante, actualmente la profundización de los vínculos financieros puede provocar la rápida transmisión de las crisis como sucedió en los noventa. | ||
| 590 | |a RRH/OCTUBRE2012 | ||
| 650 | |a 1.MERCADOS FINANCIEROS | ||
| 650 | |a 2.CRISIS | ||
| 650 | |a 3.INVERSION | ||
| 650 | |a 4.CAPITALES | ||
| 650 | |a 5.MACROECONOMIA | ||
| 700 | |a Yafeh, Yishay | ||
| 773 | |g volumen 44, número 4; páginas 26-30 | ||
| 999 | |c 38389 |d 38389 | ||
